CCIE Expert Labs : IP Routing /
Guía de preparación para el examen práctico que la empresa Cisco aplica para quienes desean presentar ser Experto Certificado por Cisco en Redes, especialmente para el manejo de protocolos IP para enrutamiento, en el marco del diseño de una red.
Guardado en:
| Autor principal: | |
|---|---|
| Formato: | Electrónico |
| Idioma: | Inglés |
| Publicado: |
San José, EUA :
Cisco,
2001, c2001
|
| Colección: | (Cisco Interactive Mentor)
|
| Temas: | |
| Etiquetas: |
Sin etiquetas, Sé el primero en etiquetar este registro!
|
MARC
| LEADER | 00000nmm^a2200000^a^4500 | ||
|---|---|---|---|
| 001 | 000148906 | ||
| 005 | 20250521000000.0 | ||
| 009 | 20260310100042.389 | ||
| 020 | |a 1-58720-013-9 | ||
| 037 | |a Acervo ITESO - Biblioteca | ||
| 041 | |a ING | ||
| 082 | |a 621. 38216076 |b CIS | ||
| 100 | |a Cisco Systems |e (autor) | ||
| 245 | 1 | 0 | |a CCIE Expert Labs : |b IP Routing / |c Cisco. |
| 264 | 4 | |a San José, EUA : |b Cisco, |c 2001, c2001 | |
| 300 | |a 1 disco compacto de computadora | ||
| 336 | |a datos para computadora |b cod |2 rdacontenido | ||
| 337 | |a computadora |b c |2 rdamedio | ||
| 338 | |a disco de computadora |b cd |2 rdasoporte | ||
| 440 | 1 | |a (Cisco Interactive Mentor) | |
| 520 | |a Guía de preparación para el examen práctico que la empresa Cisco aplica para quienes desean presentar ser Experto Certificado por Cisco en Redes, especialmente para el manejo de protocolos IP para enrutamiento, en el marco del diseño de una red. | ||
| 649 | |a XX | ||
| 650 | |a Guía de Estudio | ||
| 650 | |a Apoyos Didácticos | ||
| 650 | |a Normalización y Certificación | ||
| 650 | |a Electrónica - |x Equipo y Aparatos | ||
| 650 | |a Protocolos de Comunicación | ||
| 650 | |a Redes de Comunicación - |x Diseño y Construcción | ||
| 650 | |a Redes de Computadoras - |x Diseño y Construcción | ||
| 650 | |a Sistemas de Telecomunicación | ||
| 650 | |a Señales y Transmisión de Señales | ||
| 650 | |a Telecomunicaciones | ||
| 650 | |a Comunicaciones y Tránsito | ||
| 650 | |a Ingeniería Computacional | ||
| 650 | |a Ingeniería Electrónica | ||
| 910 | |a Fondo General | ||
| 920 | |a Electrónicos - Recursos en Disco | ||
| 905 | |a 207 | ||
| 901 | |a SFW0001316 |b IT2 |c SWS |u 20250521 | ||
| 902 | |a https://opac.biblio.iteso.mx/vufind/Record/000148906 | ||